00689nam a2200205Ia 4500003000400000005001700004008004100021020001800062040001800080041000800098082002300106100001900129245010700148250000600255260004100261300002800302650003800330650007700368650003800445OSt20260227112427.0210716s2017 xx 000 0 und d a9788126564644 cAIMIT LIBRARY aeng a658.4038011 bSIRP aSironi, Paolo. aFin tech innovation: bfrom robo advisors to goal based investing and gamification /cBy Paolo Sironi. a1 aNew DelhibWiley India Pvt Ltdc2017 axxi,157 p.;bHBc24 cm. aTransformation of the supply side aSocial and technology mega trends shape a new familyat taxable investors aTransformation of the supply side